000 00435nam a22001577a 4500
020 _a047122863
040 _cNUST
082 _a530
_bHAL
100 _aHalliday David
_95033
110 _aResnick Robert, Walker Jearl
_9124531
245 _aFundamentals of Physics
_bEnhanced Problems Version
250 _aSixth Edition
260 _aUS:
_bJohn Wiley & Sons;
_c2003.
650 _aFundamentals of Physics
_9124532
942 _2ddc
_cBK
999 _c610361
_d610361